000 00495nam a22001817a 4500
003 BD-ChCU
005 20260511112352.0
008 260511b bg ||||| |||| 00| 0 ben d
040 _cBD-ChCU
082 _a363.1 TUN (4)
245 _aNEPA inspection manual ./
_cCharles A. Tuck .
250 _a4th ed.
260 _aBoston :
_bNational Fire protection ,
_cC 1979
300 _aix , 389p.
650 0 _aFire Prevention .
_922763
700 _aTuck , Charles A.
_922761
942 _2ddc
_cBK
_n0
999 _c112863
_d112863